| 000 | 00793nam a22001817a 4500 | ||
|---|---|---|---|
| 999 |
_c7932 _d7932 |
||
| 005 | 20241118132114.0 | ||
| 008 | 230717b ||||| |||| 00| 0 eng d | ||
| 040 | _aCDMR | ||
| 110 | 1 |
_91064 _aCatalunya _b -- Generalitat. Departament de Salut |
|
| 245 |
_aRecomanacions als mitjans audiovisuals sobre el tractament informatiu de la mort per suïcidi [Recurs electrònic] _c/ Generalitat de Catalunya. Departament de Salut, Consell de l'Audiovisual de Catalunya |
||
| 260 |
_aBarcelona : _bCAC, _c2016 |
||
| 300 | _a1 recurs electrònic (16 pàgines) | ||
| 650 | 0 |
_9983 _aÈtica periodística _zCatalunya |
|
| 650 | 0 |
_94965 _aSuïcidi |
|
| 710 | 1 |
_9828 _aConsell de l'Audiovisual de Catalunya |
|
| 856 |
_uhttps://omeka.periodistes.cat/items/show/720 _zAccés en línia |
||
| 942 |
_2udc _cLLIBRE-E |
||